000 00286nam a22000977a 4500
008 230418b |||||||| |||| 00| 0 eng d
020 _a9780340893128
100 _aBlyton Guid
_97607
245 _aThe Secret Seven ( Good Work Secret Seven)-6
260 _aLondon
_bHodder Children's Book
_c2015
999 _c12255
_d12255